Counting penguins / (Record no. 115397)
[ view plain ]
| 000 -LEADER | |
|---|---|
| fixed length control field | 00773nam a2200229 a 4500 |
| 001 - CONTROL NUMBER | |
| control field | 0925 |
| 005 - DATE AND TIME OF LATEST TRANSACTION | |
| control field | 20140414132144.0 |
| 008 - FIXED-LENGTH DATA ELEMENTS--GENERAL INFORMATION | |
| fixed length control field | 041008s19uu xx 00 eng d |
| 020 ## - INTERNATIONAL STANDARD BOOK NUMBER | |
| International Standard Book Number | 0-590-76154-4 |
| 050 ## - LIBRARY OF CONGRESS CALL NUMBER | |
| Classification number | KIT (SER) 513.2'11 |
| Item number | C14 1998 |
| 100 ## - MAIN ENTRY--PERSONAL NAME | |
| Personal name | Chessen, Betsey |
| 245 ## - TITLE STATEMENT | |
| Title | Counting penguins / |
| Statement of responsibility, etc | Betsey Chessen, Pamela Chanko. |
| 260 ## - PUBLICATION, DISTRIBUTION, ETC. (IMPRINT) | |
| Place of publication, distribution, etc | New York: |
| Name of publisher, distributor, etc | Scholastic, |
| Date of publication, distribution, etc | 1998. |
| 300 ## - PHYSICAL DESCRIPTION | |
| Extent | 1 v. (unp.) : ill. ; cm. |
| 440 ## - SERIES STATEMENT/ADDED ENTRY--TITLE | |
| Title | Science Emergent Readers |
| 500 ## - GENERAL NOTE | |
| General note | "Scholastic early childhood"--Includes index |
| 520 ## - SUMMARY, ETC. | |
| Summary, etc | Photographs and simple text invite the reader to count penguins engaged in various activities. |
| 650 ## - SUBJECT ADDED ENTRY--TOPICAL TERM | |
| Topical term or geographic name as entry element | Counting |
| General subdivision | Juvenile literature. |
| 650 ## - SUBJECT ADDED ENTRY--TOPICAL TERM | |
| Topical term or geographic name as entry element | Penguins |
| General subdivision | Juvenile literature. |
| Withdrawn status | Lost status | Damaged status | Use restrictions | Home library | Current library | Shelving location | Date acquired | Source of acquisition | Total Checkouts | Full call number | Barcode | Date last seen | Price effective from | Koha item type |
|---|---|---|---|---|---|---|---|---|---|---|---|---|---|---|
| Munich Library | Munich Library | KIT Section | 10/08/2004 | KIT (SER) 513.2'11 C14 1998 | MU1964 | 04/14/2014 | 04/14/2014 | Kits | ||||||
| Munich Library | Munich Library | KIT Section | 10/08/2004 | KIT (SER) 513.2'11 C14 1998 | MU1965 | 04/14/2014 | 04/14/2014 | Kits |